000 00576nam a22001817a 4500
005 20250625121030.0
008 250625b |||||||| |||| 00| 0 eng d
040 _aKMU
_cKMU
_dKMU
050 _aICT Department-Student project report
100 _aKasonde Jeremiah
245 _aSmart Checkpoint Police System
_b/
_cJeremiah Kasonde and Danny Namakando Lukela
260 _aKapasa Makasa University:
_bKapasa Makasa University,
_c2023.
300 _a59 p.:
_bill,;
650 _aSmartcheckpoint
650 _aPolicy System
700 _aNamakando Lukela Danny
942 _cPR
_n0
999 _c1938
_d1938